| 000 | 00972nam a2200313 a 4500 | ||
|---|---|---|---|
| 003 | AR-BaBNM | ||
| 005 | 20251128210743.0 | ||
| 008 | 082120s2002 ||||||||||||||000 | spa|| | ||
| 020 | _a987-9197-22-4 | ||
| 040 | _cAR-BaBNM | ||
| 100 | 1 | _aPalopoli, María del Carmen | |
| 245 | 0 | 0 |
_aCada cual atiende su juego? _buna propuesta del área de plástica relacionada con las demás áreas |
| 250 | _a1ª ed. | ||
| 260 |
_aBuenos Aires _bCrecer Creando _c2001 |
||
| 300 |
_a92 p. _btablas, il. |
||
| 490 | 0 | _aDidáctica | |
| 500 | _aContiene reproducciones de obras de arte y biografías | ||
| 650 | 4 | _aEDUCACION ARTISTICA | |
| 650 | 4 | _aARTES PLASTICAS | |
| 650 | 4 | _aACTIVIDADES DE APRENDIZAJE | |
| 653 | _aEDUCACION INICIAL | ||
| 653 | _aPRIMER CICLO DE LA EGB | ||
| 653 | _aARTICULACION DE AREAS | ||
| 653 | _aCONTENIDOS CURRICULARES | ||
| 653 | _aESTRATEGIAS DIDACTICAS | ||
| 800 | 1 |
_aBergadá Mugica, Elsa _edirector |
|
| 942 | _cBK | ||
| 998 | _cRAQUEL | ||
| 999 |
_c16754 _d16754 |
||